| 000 | 00391nam a2200157Ia 4500 | ||
|---|---|---|---|
| 008 | 220204s9999 xx 000 0 und d | ||
| 082 |
_a635.1/.8 _bTHO;1 |
||
| 100 | _aKELLY, William C | ||
| 245 | 0 | _aVegetable crops | |
| 250 | _aEd.5 | ||
| 260 |
_aNew Delhi _bTata McGraw Hill _c1957 |
||
| 650 | _aPest control | ||
| 650 | _aVegetable crops | ||
| 700 | _aTHOMPSON, Homer C | ||
| 942 | _cBK | ||
| 999 |
_c23785 _d23785 |
||